00616 2200229 4500001002100000005001500021035002000036007000300056008004100059020002200100082001000122084001600132100001600148245005500164250001000219260003600229300003800265650003200303504002900335990001100364990001100375INLIS00000000000135020220906020309 a0010-0118000168ta220906 g 0 ind  a978-602-6348-37-1 a634.4 a634.4 FAZ p0 aFAZA, Naufa1 aPanduan Praktis Budidaya jambu Merah /cFaza Naufa acet.1 aDepok :bAkar Publishing,c2016 a99 hlm. :bilus. ;c14 x 20,5 cm. 4aJAMBU MERAH. TANAMAN TROPIS aBibliografi : hlm. 98-99 a5480 a a5480 b